00727 2200229 4500001002100000005001700021008004100038020002200079035002500101040001200126082001400138090002200152245009800174250001300272260007200285300003200357504002800389650002500417700002500442850001200467990001800479INLIS00000000002094020160614114621.0  a978-602-7873-03-2 a0010-061600000000351 aYOPDYOG a959 82173 aNus 959 82173 Sej aSEJARAH Kabupaten Ciamisc/ oleh Nina Herlina Lubis...[et al] ; editor, Nina Herlina Lubis... aCet.2... aBandung : Dinas Pariwisata dan Kebudayaan Provinsi Jawa Barat, 2013 axvi, 276 hlm.; ilus.; 23 cm aBibliografi hlm 265-276 aCiamis-Sejarah Lokal aLubis , Nina Herlina aYOPDYOG a52261-PD/A.16